Gaming Quiz

Random Gaming Quiz

Kingdom Hearts Ultimate Character Quiz Stats

 Plays Quiz not verified by Sporcle

Challenge
Share
Tweet
Embed
Score 0/280 Timer 15:00
0 Plays Today
% Correct
Sora
98.4%
Sora
98.4%
Sora
98.4%
Kairi
97.3%
Kairi
97.3%
Kairi
97.3%
Riku
97.1%
King Mickey
96.3%
Queen Minnie
94.4%
Goofy
93.4%
Goofy
93.4%
Mickey
91.5%
Mickey
91.5%
Mickey
91.5%
Alice
90.2%
Alice
90.2%
Donald Duck
89.6%
The Queen
89.6%
Donald Duck
89.6%
Leon
87.5%
Shan Yu
87.2%
Wakka
85.6%
Tidus
85.4%
Chip
85.1%
Queen of Hearts
84.6%
Pete
84.6%
Pete
84.6%
Pete
84.6%
Selphie
84%
Chip and Dale
84%
Chip and Dale
84%
Cloud
83.5%
Cloud
83.5%
Peter Pan
83%
Peter Pan
83%
Cid
82.4%
Jasmine
82.4%
Jasmine
82.4%
Tarzan
82.2%
Yuffie
81.9%
Hercules
81.6%
Snow White
81.1%
Roxas
81.1%
Snow White
81.1%
Roxas
81.1%
Snow White
81.1%
Daisy Duck
79.8%
White Rabbit
79.8%
Aladdin
79.8%
Belle
79.8%
Belle
79.8%
Axel
79.8%
Daisy Duck
79.8%
Axel
79.8%
Belle
79.8%
Axel
79.8%
Hades
79.5%
Genie
79%
Genie
79%
Genie
79%
Ariel
78.7%
Jane
77.9%
Jafar
76.6%
Genie Jafar
76.6%
Phil
76.3%
Chien Po
76.1%
Pluto
75.5%
Pluto
75.5%
Ansem
75.3%
Maleficent
75%
Maleficent
75%
Simba
75%
Simba
75%
Maleficent
75%
Jack Skellington
74.5%
Beast
74.5%
Beast
74.5%
Aerith
73.9%
Cheshire Cat
72.3%
Cinderella
72.3%
Cinderella
72.3%
Xemnas
72.3%
Cinderella
72.3%
Xemnas
72.3%
Aurora
72.1%
Aurora
72.1%
Aurora
72.1%
Rabbit
71.8%
Flounder
71.3%
Pinocchio
71%
Jack Sparrow
71%
Captain Hook
70.5%
Tinkerbell
70.5%
Sephiroth
69.7%
% Correct
Clayton
69.1%
Pence
69.1%
Mulan
69.1%
Aqua
68.9%
Oogie Boogie
68.6%
Xion
68.6%
Ursula
68.4%
Pooh
68.1%
Yen Sid
68.1%
King Triton
67.8%
Hayner
67.8%
Merlin
67.6%
Olette
67.6%
Terra
67.6%
Demyx
67.6%
Demyx
67.6%
Saix
67.3%
Saix
67.3%
Pain
67%
Sebastian
67%
Ventus
67%
Sally
66.8%
Master Xehanort
66.8%
Master Xehanort
66.8%
Xigbar
66.8%
Xigbar
66.8%
Tigger
66.5%
Marluxia
66.5%
Larxene
66.5%
Marluxia
66.5%
Larxene
66.5%
Mushu
66%
Mushu
66%
Xaldin
65.4%
Xehanort
65.4%
Xaldin
65.4%
Megara
64.9%
Iago
64.9%
Experiment 626
64.4%
Vexen
63.8%
Vexen
63.8%
Tron
63.3%
Louie
62.8%
Louie
62.8%
Stitch
62.8%
Stitch
62.8%
Scar
62.5%
Auron
62.2%
Wendy
62.2%
Huey
62%
Dewey
62%
Lea
62%
Huey
62%
Dewey
62%
Roo
61.7%
Abu
61.7%
Zexion
61.7%
Zexion
61.7%
Luxord
61.4%
Luxord
61.4%
Mr. Smee
60.6%
Owl
60.6%
Enchanted Brooms
60.4%
Lock
60.4%
Enchanted Brooms
60.4%
Jiminy Cricket
60.1%
Jiminy Cricket
60.1%
Shock
60.1%
Barrel
60.1%
Panic
59.8%
Geppetto
58.8%
Kanga
58.8%
Cogsworth
58.5%
Pumba
58.5%
Cerberus
58.2%
Timon
58.2%
Seifer
57.7%
Tifa
57.2%
Jetsam
56.6%
Captain Barbossa
56.6%
Bambi
56.4%
Lexaeus
56.4%
Lexaeus
56.4%
Dumbo
56.1%
Will Turner
56.1%
Prince Eric
55.9%
Flotsam
55.6%
Eeyore
55.6%
Vivi
55.6%
Zack
55.3%
Door knob
54.5%
Pegasus
54.3%
Carpet
54%
Tinkerbell
54%
% Correct
Lumiere
54%
Chicken Little
54%
Kerchak
53.7%
Grumpy
53.7%
Mrs. Potts
53.5%
Master Eraqus
52.9%
Rikku
52.7%
Rai
51.9%
Setzer
51.9%
Namine
51.9%
Terk
51.1%
Sleepy
51.1%
Fuu
50.8%
Vanitas
50.8%
Braig
50.5%
Ice Titan
50.3%
Doc
50%
The Prince
50%
Happy
49.7%
Dopey
49.2%
Fairy Godmother
49.2%
Fairy Godmother
49.2%
Zero
48.9%
Sabor
48.7%
Sneezy
48.7%
Kairi's Grandmother
48.4%
Master Control Program
48.4%
Yuna
48.1%
The Mayor
48.1%
Dilan
48.1%
Rock Titan
47.9%
Flora
47.6%
Fauna
47.6%
Flora
47.6%
Fauna
47.6%
Scrooge McDuck
47.3%
Merryweather
47.3%
Li Shang
47.3%
Merryweather
47.3%
Card Soldiers
46.5%
Even
46%
Hydra
45.7%
Bashful
45.7%
Kala
45.2%
Rafiki
45.2%
Dr. Finkelstein
44.9%
Mufasa
44.9%
Paine
44.1%
Ed
43.6%
Darkside
43.4%
Moogle
42.8%
Gopher
42%
Wardrobe
41.8%
The Crocodile
41.5%
Sark
41.5%
Peddler
40.4%
Prince Phillip
39.6%
Clarabelle Cow
39.4%
Aeleus
39.4%
Prince Charming
39.1%
Shenzi
38%
Banzai
37%
Ansem the Wise
36.4%
Ling
36.2%
Gantu
35.4%
Jaq
35.1%
Anastasia
35.1%
Twilight Thorn
35.1%
Magic Mirror
34.8%
Clara Cluck
34.3%
Lady Tremaine
34.3%
Lucifer
34.3%
Dr. Jumba
34.3%
Drizella
33%
Yao
32.7%
Horace Horsecollar
32.7%
Horace Horsecollar
32.7%
Diz
32.4%
Cubby
29.5%
Grand Councilwoman
29.5%
Santa Clause
26.6%
Experiment 221
26.3%
Undead Pirate
25.8%
Grand Duke
25.8%
Slightly
24.5%
Elilzabeth Swan
18.9%
Diablo
15.7%
Lenzo
14.6%
Iso
13%
Dalmations
11.7%
Minnie Mouse
8.2%
Maleficent Goon
8%

You're not logged in!

Compare scores with friends on all Sporcle quizzes.
Join for Free
OR
Log In

You Might Also Like...

Show Comments

Extras

Created Jun 18, 2011ReportNominate
Tags:character, heart, kingdom, ultimate

Top Quizzes Today


Score Distribution

Your Account Isn't Verified!

In order to create a playlist on Sporcle, you need to verify the email address you used during registration. Go to your Sporcle Settings to finish the process.

Report this User

Report this user for behavior that violates our Community Guidelines.

Details: